Создание электромагнитно-акустического толщиномера для контроля тонкостенных труб; Дефектоскопия; № 10

Detaylı Bibliyografya
Parent link:Дефектоскопия.— , 1965-
№ 10.— 2002.— С. 7-13
Diğer Yazarlar: Ваврив Д. М., Сучков Г. М., Виноградов В. В., Волков В. А., Кожин Р. В., Алексеев Е. А.
Dil:Rusça
Baskı/Yayın Bilgisi: 2002
Seri Bilgileri:Акустические методы
Konular:
Materyal Türü: MixedMaterials Kitap Bölümü
KOHA link:https://koha.lib.tpu.ru/cgi-bin/koha/opac-detail.pl?biblionumber=428354

MARC

LEADER 00000naa2a2200000 4500
001 428354
005 20231101074826.0
035 |a (RuTPU)RU\TPU\prd\87893 
035 |a RU\TPU\prd\9255 
090 |a 428354 
100 |a 20101012a2002 k y0rusy50 ca 
101 0 |a rus 
102 |a RU 
200 1 |a Создание электромагнитно-акустического толщиномера для контроля тонкостенных труб  |f Д. М. Ваврив [и др.] 
225 1 |a Акустические методы 
320 |a Библиогр.: 9 назв. 
461 1 |0 (RuTPU)RU\TPU\prd\151  |t Дефектоскопия  |d 1965- 
463 1 |0 (RuTPU)RU\TPU\prd\87891  |t № 10  |v С. 7-13  |d 2002 
610 1 |a электромагнитно-акустический толщиномер 
610 1 |a контроль 
610 1 |a тонокостенные трубы 
675 |a 620.179.17  |v 3 
701 1 |a Ваврив  |b Д. М. 
701 1 |a Сучков  |b Г. М. 
701 1 |a Виноградов  |b В. В. 
701 1 |a Волков  |b В. А. 
701 1 |a Кожин  |b Р. В. 
701 1 |a Алексеев  |b Е. А. 
801 1 |a RU  |b 63413507  |c 20021217  |g PSBO 
801 2 |a RU  |b 63413507  |c 20131016  |g RCR 
942 |c BK